कादम्बरी - छाया (Record no. 1022959)

MARC details
000 -LEADER
fixed length control field 00707nam a2200217Ia 4500
003 - CONTROL NUMBER IDENTIFIER
control field OSt
005 - DATE AND TIME OF LATEST TRANSACTION
control field 20251119125455.0
008 - FIXED-LENGTH DATA ELEMENTS--GENERAL INFORMATION
fixed length control field 221004b |||||||| |||| 00| 0 san d
037 ## - SOURCE OF ACQUISITION
Terms of availability TB
040 ## - CATALOGING SOURCE
Original cataloging agency CRL
Transcribing agency CRL
Language of cataloging san
041 ## - LANGUAGE CODE
Source of code san
Language code of text/sound track or separate title san
084 ## - COLON CLASSIFICATION NUMBER
Item number CRL
100 ## - MAIN ENTRY--PERSONAL NAME
Personal name बाणभट्ट
9 (RLIN) 852316
245 #0 - TITLE STATEMENT
Title कादम्बरी - छाया
246 ## - VARYING FORM OF TITLE
Title proper/short title Kādambarī - chhāyā
260 ## - PUBLICATION, DISTRIBUTION, ETC.
Place of publication, distribution, etc. रोहतक, भारत:
Name of publisher, distributor, etc. बनसल बंधु प्रकाशन,
Date of publication, distribution, etc. 1967.
300 ## - PHYSICAL DESCRIPTION
Extent 110पृ0
Dimensions cm.
650 ## - SUBJECT ADDED ENTRY--TOPICAL TERM
Topical term or geographic name entry element संस्कृत साहित्य
9 (RLIN) 852317
942 ## - ADDED ENTRY ELEMENTS (KOHA)
Classification part O15,3D60,1:g, K7
Koha item type Textbook
Source of classification or shelving scheme
Suppress in OPAC No
Holdings
Withdrawn status Lost status Source of classification or shelving scheme Damaged status Not for loan Home library Current library Date acquired Total Checkouts Full call number Barcode Date last seen Price effective from Koha item type
    Colon Classification (CC)     Central Library Central Library 2022-10-05   O15,3D601:g K7 AL1069104 2022-10-05 2022-10-05 Textual
Copyright @ Delhi University Library System